Which language is that? - Statistics

General Stats
  • This quiz has been taken 85 times
  • The average score is 26 of 80
Answer Stats
Phrase Language % Correct
It's all Greek to me. English
71%
C'est tout le Grec à moi. French
68%
それはすべて私にはギリシャ語です。 Japanese
68%
그것은 모두 나에게 그리스어. Korean
68%
انها كل اليونانية لي. Arabic
66%
這是所有希臘給我。 Chinese
66%
Είναι όλα τα ελληνικά μου. Greek
63%
Es ist aller Grieche zu mir. German
59%
זה כל יווני אליי. Hebrew
54%
Það er allt grísku við mig. Icelandic
54%
E 'tutto greco per me. Italian
54%
Это все Греческий мне. Russian
54%
Es todo griego para mí. Spanish
54%
Đó là tất cả Hy Lạp với tôi. Vietnamese
54%
Այն ամենը հունական ինձ. Armenian
53%
Het is allemaal Grieks voor mij. Dutch
51%
این همه یونانی به من. Persian
49%
To wszystko jest dla mnie greckie. Polish
49%
É tudo grego para mim. Portuguese
49%
มันเป็นภาษากรีกกับผม Thai
49%
ეს ყველაფერი ბერძნული ჩემთვის. Georgian
47%
यह सब मेरे लिए यूनानी है. Hindi
47%
Det er helt gresk for meg. Norwegian
47%
Det är rena grekiskan för mig. Swedish
47%
Det hele er græsk for mig. Danish
44%
עס ס אַלע גריכיש צו מיר. Yiddish
44%
Це все Грецький мені. Ukrainian
41%
Dit is alles Grieks vir my. Afrikaans
39%
এটা সব গ্রিক আমার. Bengali
37%
Kjo është e gjitha greke për mua. Albanian
36%
Ez az egész görög nekem. Hungarian
36%
இது எனக்கு கிரேக்கம் தான். Tamil
36%
یہ سب مجھ سے یونانی ہے. Urdu
36%
​ມັນ​ກເຣັກ​ໃຫ້ຂ້າພະເຈົ້າ​ທັງຫມົດ​. Lao
34%
Graeca Tota mihi. Latin
34%
És tot grec per a mi. Catalan
32%
Mae hyn i gyd Groeg i mi. Welsh
32%
Всичко е гръцки за мен. Bulgarian
29%
Je to všechno řecké ke mně. Czech
29%
To je sve grčke mi. Bosnian
27%
To je sve Grčki mi. Croatian
27%
Se kaikki Kreikan minulle. Finnish
27%
​វា​ជាអ្វីដែល​ក្រិក​ខ្ញុំ។ Khmer
27%
Энэ нь бүх надад Грек юм. Mongolian
27%
ਇਹ ਸਭ ਮੇਰੇ ਲਈ ਯੂਨਾਨੀ ਹੈ. Punjabi
27%
Totul e grec pentru mine. Romanian
27%
É todo grego para min. Galician
25%
हे सर्व मला ग्रीक आहे. Marathi
25%
To je vse grške meni. Slovenian
25%
See kõik on kreeka mulle. Estonian
24%
Ang lahat ng ito Griyego sa akin. Filipino
24%
Tá sé ar fad na Gréige dom. Irish
24%
Све је грчки за мене. Serbian
24%
Je to všetko gréckej ku mne. Slovak
24%
ఇది అన్ని నాకు గ్రీకు ఉంది. Telugu
24%
Uzwa isiGreki kimi. Zulu
24%
Гэта ўсё Грэчаскі мне. Belarusian
22%
Tai visų graikų į mane. Lithuanian
22%
તે બધા મને ગ્રીક છે. Gujarati
20%
ಇದು ನನಗೆ ಗ್ರೀಕರ ಇಲ್ಲಿದೆ. Kannada
20%
Сето тоа е грчки на мене. Macedonian
20%
Bu mənə Greek var. Azerbaijani
19%
Estas ĉio greka al mi. Esperanto
19%
यो सबै मलाई ग्रीक छ। Nepali
19%
Ko katoa Kariki ki ahau. Maori
17%
Ni wote Kigiriki kwangu. Swahili
15%
Dit greziar guztiek da. Basque
14%
Ini semua Yunani untuk saya. Indonesian
14%
Waxaa oo dhan ee Giriigga ii. Somali
14%
Iku kabeh Yunani kanggo kula. Javanese
12%
Tas viss ir grieķu man. Latvian
12%
Itu semua Yunani kepada saya. Malay
12%
O jẹ gbogbo Giriki si mi. Yoruba
10%
Li nan tout grèk avè m '. Haitian Creole
8%
Hepsi bana Yunanca. Turkish
8%
Ọ bụ ihe niile Greek m. Igbo
7%
Kini sa tanan nga Griyego ngadto sa kanako. Cebuano
5%
Dan kollu Grieg lili. Maltese
2%
Yana da dukan Girkanci a gare ni. Hausa
0%
Nws yog tag nrho Greek rau kuv. Hmong
0%
No matching quizzes found
Score Distribution
Percent of People with Each Score
Percentile by Number Answered
Your Score History
You have not taken this quiz